| 000 | 00324nam a2200121Ia 4500 | ||
|---|---|---|---|
| 008 | 230907s9999||||xx |||||||||||||| ||und|| | ||
| 082 |
_a620.1126 _bSCH |
||
| 100 |
_aSchijve, Jaap. _9115451 |
||
| 245 | 0 | _aFatigue of structures and materials / | |
| 260 |
_aSpringer, _bNetherlands : _c2009 |
||
| 300 | _a621 p. : | ||
| 942 | _cBK | ||
| 999 |
_c598427 _d598427 |
||